| 000 | 00584nam a2200193Ia 4500 | ||
|---|---|---|---|
| 005 | 20250508163321.0 | ||
| 008 | 008 250505s9999 xx 000 0 eng d | ||
| 037 | _aTheses | ||
| 040 |
_aFEDL _beng _cFEDL |
||
| 041 |
_aeng _2eng |
||
| 084 |
_a371, MAC/TH _qFEDL |
||
| 100 |
_aMacFarland M Claire _9775101 |
||
| 245 | 0 | _aStudy of the effects of the effective classroom communication program on secondary school teachers | |
| 260 | _c1987 | ||
| 300 | _av,318p. | ||
| 546 | _aPH.D Thesis (Delhi University) | ||
| 942 |
_cTH _h371, MAC/TH |
||
| 999 |
_c1382281 _d1382281 |
||